| 000 -LEADER |
| fixed length control field |
02290cim a2200553 a 4500 |
| 001 - CONTROL NUMBER |
| control field |
14871984 |
| 003 - CONTROL NUMBER IDENTIFIER |
| control field |
NUST - PNEC |
| 005 - DATE AND TIME OF LATEST TRANSACTION |
| control field |
20170116181119.0 |
| 007 - PHYSICAL DESCRIPTION FIXED FIELD--GENERAL INFORMATION |
| fixed length control field |
sd fsngnnmmneu |
| 008 - FIXED-LENGTH DATA ELEMENTS--GENERAL INFORMATION |
| fixed length control field |
070531s1999 nyunnn|j f | eng d |
| 010 ## - LIBRARY OF CONGRESS CONTROL NUMBER |
| LC control number |
2007576781 |
| 020 ## - INTERNATIONAL STANDARD BOOK NUMBER |
| International Standard Book Number |
0807281948 |
| 024 3# - OTHER STANDARD IDENTIFIER |
| Standard number or code |
9780807281949 |
| 028 02 - PUBLISHER NUMBER |
| Publisher number |
YA 137 CD |
| Source |
Listening Library |
| 035 ## - SYSTEM CONTROL NUMBER |
| System control number |
(OCoLC)ocm82770020 |
| 035 ## - SYSTEM CONTROL NUMBER |
| System control number |
(OCoLC)82770020 |
| 040 ## - CATALOGING SOURCE |
| Original cataloging agency |
OCO |
| Transcribing agency |
LIBRARY |
| Modifying agency |
DLC |
| 042 ## - AUTHENTICATION CODE |
| Authentication code |
lccopycat |
| 050 00 - LIBRARY OF CONGRESS CALL NUMBER |
| Classification number |
SDB 61664 |
| 082 ## - DEWEY DECIMAL CLASSIFICATION NUMBER |
| Classification number |
823.914 ROW |
| 100 1# - MAIN ENTRY--PERSONAL NAME |
| Personal name |
Rowling, J. K. |
| 245 10 - TITLE STATEMENT |
| Title |
Harry Potter and the chamber of secrets |
| Medium |
[sound recording] / |
| Statement of responsibility, etc. |
[J.K. Rowling]. |
| 260 ## - PUBLICATION, DISTRIBUTION, ETC. |
| Place of publication, distribution, etc. |
New York : |
| Name of publisher, distributor, etc. |
Listening Library, |
| Date of publication, distribution, etc. |
p1999. |
| 300 ## - PHYSICAL DESCRIPTION |
| Extent |
8 sound discs (ca. 9 hr.) : |
| Other physical details |
digital ; |
| Dimensions |
4 3/4 in. |
| 306 ## - PLAYING TIME |
| Playing time |
090000 |
| 500 ## - GENERAL NOTE |
| General note |
Unabridged. |
| 500 ## - GENERAL NOTE |
| General note |
Compact discs. |
| 500 ## - GENERAL NOTE |
| General note |
Sequel to: Harry Potter and the sorcerer's stone. |
| 500 ## - GENERAL NOTE |
| General note |
Sequel: Harry Potter and the prisoner of Azkaban. |
| 500 ## - GENERAL NOTE |
| General note |
Statement of responsibility from container. |
| 511 0# - PARTICIPANT OR PERFORMER NOTE |
| Participant or performer note |
Read by Jim Dale. |
| 520 ## - SUMMARY, ETC. |
| Summary, etc. |
When the Chamber of Secrets is opened again at the HogwartsSchool for Witchcraft and Wizardry, second-year student Harry Potter finds himself in danger from a dark power that has once more been released on the school. |
| 583 ## - ACTION NOTE |
| Action |
cat |
| Action identification |
oc |
| Time/date of action |
20011001 |
| Action agent |
kag |
| Institution to which field applies |
UPB |
| 600 10 - SUBJECT ADDED ENTRY--PERSONAL NAME |
| Personal name |
Potter, Harry |
| Titles and other words associated with a name |
(Fictitious character) |
| Form subdivision |
Juvenile fiction. |
| 650 #0 - SUBJECT ADDED ENTRY--TOPICAL TERM |
| Topical term or geographic name entry element |
Wizards |
| Form subdivision |
Juvenile fiction. |
| 650 #0 - SUBJECT ADDED ENTRY--TOPICAL TERM |
| Topical term or geographic name entry element |
Magic |
| Form subdivision |
Juvenile fiction. |
| General subdivision |
General books |
| 650 #0 - SUBJECT ADDED ENTRY--TOPICAL TERM |
| Topical term or geographic name entry element |
Schools |
| Form subdivision |
Juvenile fiction. |
| 650 #0 - SUBJECT ADDED ENTRY--TOPICAL TERM |
| Topical term or geographic name entry element |
Granger, Hermione (Fictitious character) |
| Form subdivision |
Juvenile fiction. |
| 650 #0 - SUBJECT ADDED ENTRY--TOPICAL TERM |
| Topical term or geographic name entry element |
Weasley, Ron (Fictitious character) |
| Form subdivision |
Juvenile fiction. |
| 650 #0 - SUBJECT ADDED ENTRY--TOPICAL TERM |
| Topical term or geographic name entry element |
Hogwarts School of Witchcraft and Wizardry (Imaginary organization) |
| Form subdivision |
Juvenile fiction. |
| 651 #0 - SUBJECT ADDED ENTRY--GEOGRAPHIC NAME |
| Geographic name |
England |
| Form subdivision |
Juvenile fiction. |
| 655 #7 - INDEX TERM--GENRE/FORM |
| Genre/form data or focus term |
Compact discs. |
| Source of term |
lcsh |
| 700 1# - ADDED ENTRY--PERSONAL NAME |
| Personal name |
Dale, Jim. |
| Relator code |
nrt |
| 856 42 - ELECTRONIC LOCATION AND ACCESS |
| Materials specified |
Contributor biographical information |
| Uniform Resource Identifier |
<a href="http://www.loc.gov/catdir/enhancements/fy0735/2007576781-b.html">http://www.loc.gov/catdir/enhancements/fy0735/2007576781-b.html</a> |
| 856 42 - ELECTRONIC LOCATION AND ACCESS |
| Materials specified |
Publisher description |
| Uniform Resource Identifier |
<a href="http://www.loc.gov/catdir/enhancements/fy0735/2007576781-d.html">http://www.loc.gov/catdir/enhancements/fy0735/2007576781-d.html</a> |
| 906 ## - LOCAL DATA ELEMENT F, LDF (RLIN) |
| a |
7 |
| b |
cbc |
| c |
copycat |
| d |
2 |
| e |
ncip |
| f |
20 |
| g |
y-genmusic |
| 942 ## - ADDED ENTRY ELEMENTS (KOHA) |
| Source of classification or shelving scheme |
|
| Koha item type |
Book |